Statistics for Top 30 World Cities with Ten (or more) Letters

Click here to take the quiz!

General Stats

  • This quiz has been taken 53 times
  • The average score is 25 of 30

Answer Stats

popcountrycity% Correct
22.10MexicoMexico City
100%
5.45RussiaSt Petersburg
100%
15.80ArgentinaBuenos Aires
98%
17.60United StatesLos Angeles
98%
12.70BrazilRio de Janeiro
98%
5.15EgyptAlexandria
96%
13.40South AfricaJohannesburg
96%
4.15KuwaitKuwait City
96%
7.60United StatesSan Francisco
96%
1.61DenmarkCopenhagen
94%
7.00MalaysiaKuala Lumpur
92%
3.00United KingdomManchester
92%
2.85HaitiPort-au-Prince
92%
8.35United StatesWashington
92%
3.13United KingdomBirmingham
90%
4.18MoroccoCasablanca
90%
8.25VietnamHo Chi Minh City
88%
1.83UruguayMontevideo
88%
3.00GuatemalaGuatemala City
86%
7.30United StatesPhiladelphia
86%
1.82El SalvadorSan Salvador
86%
3.48EthiopiaAddis Ababa
84%
4.98MexicoGuadalajara
80%
4.93BrazilBelo Horizonte
76%
3.65Dominican RepSanto Domingo
76%
5.30TanzaniaDar es Salaam
74%
2.23MadagascarAntananarivo
68%
4.08BrazilPorto Alegre
52%
4.53BangladeshChittagong
48%
3.95PakistanFaisalabad
34%

Score Distribution

Percentile by Number Answered

Percent of People with Each Score

Your Score History

You have not taken this quiz